000 03326nab a2200301 i 4500
003 BR-BrBNA
005 20240619133122.0
008 240619b2015 bl.qr|pooa||| 00| 0 por |
040 _aBR-BrBNA
_bpor
072 _aF60
100 _aRibeiro, M.R.G.
100 _aGualberto, A.M.
100 _aSilva, M.A.S.
100 _aSouza, S.F.C.
100 _aSouza, E.M.
100 _aSilva, V.C.
245 _aResultados da aplicação tópica do extrato de própolis na redução da progressão da doença periodontal
500 _aPublicação on-line; 46 ref.; 1 tables; 1 illus.; Summaries (En, Pt)
520 _a RESUMO: Agentes químicos têm sido usados para auxiliar na inibição da formação do biofilme e impedir desenvolvimento da doença periodontal (DP). O objetivo deste estudo foi avaliar radiograficamente a ação do extrato de própolis na progressão da DP induzida em ratos. Foram utilizados 48 ratos Wistar, divididos em 4 grupos (n=12): Controle, Pincel, Própolis e Clorexidina. Os grupos foram subdivididos para análise aos 7 e 21 dias. A progressão da DP foi avaliada radiograficamente pela distância entre a junção cemento-esmalte e a crista óssea alveolar na face mesial do 1º molar inferior. A perda óssea foi significativamente menor nos animais do grupo própolis em ambos os períodos (p ≤ 0,01). Concluiu-se por análise radiográfica que a aplicação tópica do extrato de própolis interfere reduzindo a progressão da doença periodontal induzida por ligadura em ratos, demonstrando a importância desse composto como substância auxiliar no tratamento periodontal. Palavras-Chave: Periodontia, Própolis, Radiografia.
520 _a ABSTRACT: Results of topical application of propolis extracts in reducing progression of periodontal disease. Chemical agents have been used to assist on inhibiting biofilm formation and on preventing the development of periodontal disease (PD). The aim of this study was to radiographically evaluate the action of propolis extract on the progression of PD induced in rats. 48 Wistar rats were divided into 4 groups (n = 12): Control, Brush, Propolis and Chlorhexidine. The groups were subdivided for analysis at 7 and 21 days. The progression of the periodontal disease was radiographically assessed by the distance between the cement-enamel junction and the alveolar bone crest mesial of the 1st molar. Bone loss was significantly lower in the Propolis group in both periods (p ≤ 0.01). By radiographic analysis, it is concluded that the topical application of propolis extract interferes by reducing the progression of ligature-induced periodontal disease in rats, demonstrating the importance of this compound as an auxiliary substance in periodontal treatment. Keywords: Periodontitis, Propolis, Radiography.
650 _aPRÓPOLIS
650 _aRADIOGRAFIA
650 _aPERIODONTIA
773 0 _03543
_9315963
_dBotucatu-SP Instituto de Biociências - Departamento de Química e Bioquímica 1998
_o2024-2330
_tRevista Brasileira de Plantas Medicinais (Brazil)
_x1516-0572
_gv. 17(4 suppl. 2) p. 915-921; (2015)
_wBR2024001422
856 _uhttps://www.scielo.br/j/rbpm/a/sSHTJfWp5VfGvcpMLtKvMpt/?format=pdf&lang=pt
942 _cAnalítica
999 _c300138
_d300138